|
|
|
|
| LEADER |
00000naa0a2200000 4500 |
| 001 |
594304 |
| 005 |
20250205160911.0 |
| 029 |
0 |
0 |
|a SU
|b 1163-ХП-86
|f ОНИИТЭХим
|
| 035 |
|
|
|a (RuTPU)RU\TPU\tpu\8732
|
| 035 |
|
|
|a RU\TPU\tpu\8731
|
| 090 |
|
|
|a 594304
|
| 100 |
|
|
|a 20020531d1986 k y0rusy50 ca
|
| 101 |
0 |
|
|a rus
|
| 102 |
|
|
|a RU
|
| 200 |
1 |
|
|a Исследование состояния поверхности дисперсных порошков бора методом термосорбции в вакууме
|f А. Ляшко, Г. Ф. Иванов, А. И. Шебалин
|
| 300 |
|
|
|a Деп. в ОНИИТЭХим г. Черкассы 01.10.86, № 1163-ХП-86.
|
| 463 |
|
|
|t Материалы научно-практической конференции "Методы исследования в химии и химической технологии" (Томск, 20-22 мая 1986 г.)
|o секция "Физика-химия высокодисперсных материалов"
|v С. 69-74
|d 1986
|
| 610 |
1 |
|
|a труды учёных ТПУ
|
| 700 |
|
1 |
|a Ляшко
|b А.
|f 1965-
|g Александр
|3 (RuTPU)RU\TPU\pers\4000
|
| 701 |
|
1 |
|a Иванов
|b Г. Ф.
|c кандидат химических наук
|f 1940-
|g Геннадий Филиппович
|3 (RuTPU)RU\TPU\pers\3819
|
| 701 |
|
1 |
|a Шебалин
|b А. И.
|c кандидат химических наук
|f 1940-
|3 (RuTPU)RU\TPU\pers\4001
|
| 801 |
|
2 |
|a RU
|b 63413507
|c 20100202
|g PSBO
|
| 942 |
|
|
|c BK
|